书目信息 |
| 题名: |
袖珍电子计算器的使用
|
|
| 作者: | 董健廉 著 | |
| 分册: | ||
| 出版信息: | 北京 人民邮电出版社 1982 |
|
| 页数: | 288页 | |
| 开本: | 19cm | |
| 丛书名: | ||
| 单 册: | ||
| 中图分类: | O1-8 | |
| 科图分类: | ||
| 主题词: | 袖珍式电子计算器--应用 | |
| 电子资源: | ||
| ISBN: | ||
| 000 | 00711nam0 2200241 45 | |
| 001 | 0182001054 | |
| 005 | 20060814173916.90 | |
| 010 | @dCNY0.88 | |
| 091 | @a15045.6207 | |
| 100 | @a19950518d1982 em y0chiy0121 ea | |
| 101 | 0 | @achi |
| 102 | @aCN@b110000 | |
| 105 | @ay z 000yy | |
| 200 | 10 | @a袖珍电子计算器的使用@Axiu zhen dian zi ji suan qi de shi yong@f董健廉著@Fdong jian lian zhu |
| 210 | @a北京@c人民邮电出版社@d1982 | |
| 215 | @a288页@d19cm | |
| 517 | 1 | @a电子计算器的使用@Adian zi ji suan qi de shi yong |
| 606 | @a袖珍式电子计算器@x应用 | |
| 690 | @aO1-8@v3 | |
| 701 | 0 | @a董健廉@Adong jian lian@4著 |
| 801 | 2 | @aCN@bNLC@c20060814 |
| 801 | 0 | @aCN@b上海图书馆@c20060524 |
| 905 | @dO1-8@e131 | |
| 袖珍电子计算器的使用/董健廉著.-北京:人民邮电出版社,1982 |
| 288页;19cm |
| ISBN :CNY0.88 |
| ● |
| 相关链接 |
|
|
|
|
正题名:袖珍电子计算器的使用
索取号:O1-8/131
 
预约/预借
| 序号 | 登录号 | 条形码 | 馆藏地/架位号 | 状态 | 备注 |
| 1 | 0146104 | 001247706 | 第三借阅区/ [索取号:O1-8/131] | 在馆 | |
| 2 | 0146105 | 202359937 | 密集书库/ [索取号:O1-8/131] | 在馆 | |
| 3 | 0146107 | 202390028 | 密集书库/ [索取号:O1-8/131] | 在馆 | |
| 4 | 0146108 | 202390064 | 密集书库/ [索取号:O1-8/131] | 在馆 | |
| 5 | 0160797 | 202359786 | 密集书库/ [索取号:O1-8/131] | 在馆 | |
| 6 | 0461363 | 204613631 | 密集书库/ [索取号:O1-8/131] | 在馆 | |
| 7 | 0461364 | 204613640 | 密集书库/ [索取号:O1-8/131] | 在馆 |